000 01089cam a22002891i 4500
003 SA-RiAUC
005 20250126065135.0
008 250125s1981 su g 00000 ara c
040 _aQA-DoQUL
_bara
_cSA-RiAUC
_erda
082 0 4 _a212.2
_qSA-RiAUC
090 _a212.2
_bش ح ا
100 1 _aشحاتة، حمزة محمد نور،
_d1328-1393 هجري
_eمؤلف.
245 1 2 _aالرجولة عماد الخلق الفاضل /
_cحمزة محمد نور شحاتة.
250 _aالطبعة الأولى.
264 1 _aجدة، السعودية :
_bتهامة،
_c1981
300 _a121 صفحة ؛
_c17 سم.
336 _aنص
_btxt
_2rdacontent
_3كتاب
337 _aبدون وسيط
_bn
_2rdamedia
338 _aمجلد
_bnc
_2rdacarrier
490 1 _aالكتاب العربي السعودي ؛
_v27
590 _aهادي.
650 7 _aالأخلاق الإسلامية
_2aucsh
650 7 _aالتربية الإسلامية
_2aucsh
830 2 _aالكتاب العربي السعودي
_v27
942 _2ddc
_cBOOK
_n0
949 _aSA-JeALM
_d250125
_umohamedma123
_n1
999 _c5238
_d5238